[Event "23. Copenhagen Open  (Politiken Cup)"]
[Site "Copenhagen"]
[Date "2001.07.25"]
[Round "9"]
[White "Sylvan, Jacob"]
[Black "Nielsen, Borge Hjerrild"]
[Result "1/2-1/2"]
[WhiteElo "2272"]
[BlackElo "2122"]
[PlyCount "117"]
[EventDate "2001.07.16"]
[EventType "swiss"]
[EventRounds "11"]
[EventCountry "DEN"]
[SourceDate "2004.01.01"]

1. e4 c6 2. d4 d5 3. e5 Bf5 4. Nf3 e6 5. Be2 c5 6. Be3 b6 7. O-O Nc6 8. c4 dxc4
9. Bxc4 a6 10. dxc5 Bxc5 11. Bxc5 bxc5 12. Qe2 Qa5 13. Nbd2 Nge7 14. Nb3 Qb6
15. Rad1 O-O 16. h3 Bg6 17. Rd7 Nf5 18. Rfd1 h5 19. g4 hxg4 20. hxg4 Nh6 21.
Nh4 Bh7 22. f3 Rfd8 23. Rxd8+ Rxd8 24. Rxd8+ Qxd8 25. Ng2 a5 26. Kf1 Qb6 27.
Qd3 Nd4 28. Nxd4 cxd4 29. Qb3 Qxb3 30. Bxb3 Bd3+ 31. Ke1 Kf8 32. Nf4 Bb5 33.
Ne2 d3 34. Nc1 Bc6 35. Bd1 f6 36. Nxd3 Ke7 37. Kd2 Nf7 38. exf6+ gxf6 39. Kc3
Kd6 40. f4 e5 41. fxe5+ fxe5 42. b3 Bd5 43. Nb2 Kc5 44. Nc4 Bxc4 45. bxc4 Ng5
46. Be2 Ne4+ 47. Kd3 Ng5 48. Bf1 Kb4 49. Bg2 Kc5 50. Bd5 Kd6 51. Ke3 Kc5 52.
Kd3 Kd6 53. Kc2 Kc5 54. Kc3 Nh7 55. Kb3 Ng5 56. Bg2 Ne6 57. Ka4 Kb6 58. Bd5 Ng5
59. Kb3 1/2-1/2

[Event "23. Copenhagen Open  (Politiken Cup)"]
[Site "Copenhagen"]
[Date "2001.07.25"]
[Round "9"]
[White "Thompson, Ian D"]
[Black "Paaske, Asger"]
[Result "1-0"]
[WhiteElo "2240"]
[BlackElo "2062"]
[PlyCount "72"]
[EventDate "2001.07.16"]
[EventType "swiss"]
[EventRounds "11"]
[EventCountry "DEN"]
[SourceDate "2004.01.01"]

1. c4 c5 2. Nc3 Nf6 3. g3 d5 4. cxd5 Nxd5 5. Bg2 Nc7 6. Qa4+ Qd7 7. Nf3 Nc6 8.
Ng5 Nd4 9. Qd1 e5 10. e3 Nde6 11. Nxe6 Nxe6 12. O-O Be7 13. b3 O-O 14. Bb2 Rb8
15. Nd5 f6 16. d4 cxd4 17. exd4 Nxd4 18. Bxd4 exd4 19. Nxe7+ Qxe7 20. Qxd4 b6
21. Rfe1 Qd7 22. Qc4+ Kh8 23. Rad1 Qg4 24. Rd4 Qg6 25. Qc7 Bg4 26. Qf4 Bf5 27.
g4 Bb1 28. Rd7 Rbe8 29. Rde7 Rxe7 30. Rxe7 Re8 31. Qe3 Rxe7 32. Qxe7 h6 33. h3
Qc2 34. Qd8+ Kh7 35. Bd5 Qd1+ 36. Kg2 f5 1-0

[Event "23. Copenhagen Open  (Politiken Cup)"]
[Site "Copenhagen"]
[Date "2001.07.25"]
[Round "9"]
[White "Aabling Thomsen, Jakob"]
[Black "Nicolaisen, Jeppe"]
[Result "1-0"]
[WhiteElo "1889"]
[BlackElo "2047"]
[PlyCount "79"]
[EventDate "2001.07.16"]
[EventType "swiss"]
[EventRounds "11"]
[EventCountry "DEN"]
[SourceDate "2004.01.01"]

1. d4 d5 2. c4 Nc6 3. cxd5 Qxd5 4. e3 e5 5. Nc3 Bb4 6. a3 Bxc3+ 7. bxc3 Nge7 8.
Nf3 O-O 9. Be2 Qd6 10. O-O e4 11. Nd2 Qg6 12. Kh1 Nd5 13. Bb2 Nf6 14. c4 Re8
15. Bc3 Ne7 16. Rb1 c6 17. h3 Nf5 18. Kh2 Nh4 19. g3 Nf5 20. Rh1 Qh6 21. Kg2
Qg6 $11 22. Nf1 Nh4+ 23. Kg1 h6 24. Nd2 Nf5 25. Qe1 Nh7 26. Bf1 Ng5 27. Bg2 Nh4
28. Qd1 Nxg2 29. Kxg2 Qf5 30. h4 Nh7 31. h5 Nf6 32. Rh4 b6 33. Qe2 Bd7 34. a4
Rab8 35. Rbh1 Ng4 36. Ra1 a6 37. Rb1 Nf6 38. Nb3 Ng4 39. d5 cxd5 40. Nd4 {Time}
1-0

[Event "23. Copenhagen Open  (Politiken Cup)"]
[Site "Copenhagen"]
[Date "2001.07.25"]
[Round "9"]
[White "Tolstrup, Thomas"]
[Black "Westlund, Mikael"]
[Result "1/2-1/2"]
[WhiteElo "2108"]
[BlackElo "1996"]
[PlyCount "65"]
[EventDate "2001.07.16"]
[EventType "swiss"]
[EventRounds "11"]
[EventCountry "DEN"]
[SourceDate "2004.01.01"]

1. Nf3 g6 2. c4 Bg7 3. Nc3 Nf6 4. d4 O-O 5. g3 d6 6. Bg2 Nc6 7. O-O Bd7 8. d5
Na5 9. Nd2 c5 10. Qc2 Rb8 11. Rb1 a6 12. b3 b5 13. Bb2 Qc7 14. Nce4 bxc4 15.
Nxf6+ exf6 16. bxc4 f5 17. Bxg7 Kxg7 18. Qc3+ f6 19. f4 Rbe8 20. Bf3 Rb8 21.
Rfe1 Rb4 22. a3 Rxb1 23. Rxb1 Re8 24. Rb2 Kf7 25. h4 h5 26. Kf2 Re7 27. e4 Kg7
28. Rb1 Nb7 29. Qb3 Qa5 30. Qd3 Bc8 31. Re1 Qc7 32. Qc3 Qa5 33. Qd3 1/2-1/2

[Event "23. Copenhagen Open  (Politiken Cup)"]
[Site "Copenhagen"]
[Date "2001.07.25"]
[Round "9"]
[White "Visweswaran, Kameswaran"]
[Black "Rossen, Claus"]
[Result "1-0"]
[WhiteElo "2299"]
[BlackElo "2210"]
[PlyCount "81"]
[EventDate "2001.07.16"]
[EventType "swiss"]
[EventRounds "11"]
[EventCountry "DEN"]
[SourceDate "2004.01.01"]

1. e4 d6 2. d4 Nf6 3. Nc3 g6 4. f4 Bg7 5. Nf3 c5 6. Bb5+ Bd7 7. e5 Ng4 8. Bxd7+
Qxd7 9. d5 dxe5 10. h3 e4 11. Nxe4 Nf6 12. Nxf6+ Bxf6 13. O-O O-O 14. Be3 Qc7
15. c4 Bxb2 16. Rb1 Bf6 17. Ne5 Nd7 18. Ng4 Bg7 19. f5 Nf6 20. Bf4 Qc8 21. Bg5
Nxg4 22. hxg4 Qd7 23. Qf3 b6 24. Rbe1 Bd4+ 25. Kh1 f6 26. Bf4 Rf7 27. Re6 Rc8
28. Rfe1 g5 29. Bg3 b5 30. Qe2 bxc4 31. Qxc4 Kg7 32. d6 exd6 33. Bxd6 Be5 34.
Bxe5 fxe5 35. R6xe5 Qd4 36. Qe6 Qd7 37. f6+ Kg6 38. Qc4 Qd4 39. Qc2+ Kh6 40.
Qf5 Rg8 41. R1e3 1-0

[Event "23. Copenhagen Open  (Politiken Cup)"]
[Site "Copenhagen"]
[Date "2001.07.25"]
[Round "9"]
[White "Ward, Christopher"]
[Black "Helledie, Anders"]
[Result "1-0"]
[WhiteElo "2493"]
[BlackElo "2221"]
[PlyCount "73"]
[EventDate "2001.07.16"]
[EventType "swiss"]
[EventRounds "11"]
[EventCountry "DEN"]
[SourceDate "2004.01.01"]

1. d4 Nf6 2. c4 g6 3. f3 Bg7 4. e4 d6 5. Nc3 O-O 6. Nge2 c5 7. d5 e6 8. Ng3
exd5 9. cxd5 a6 10. a4 Nbd7 11. Be2 h5 12. Bg5 Qa5 13. O-O Re8 14. Qd2 Nh7 15.
Bh6 Bd4+ 16. Be3 Bh8 17. Nh1 f5 18. Nf2 Ne5 19. h3 Nf6 20. exf5 Bxf5 21. g4
hxg4 22. hxg4 Bd7 23. g5 Nh7 24. f4 Nf7 25. Bd3 Nf8 26. Nfe4 Qd8 27. a5 Bf5 28.
Nf2 Qd7 29. Rfe1 Bxd3 30. Qxd3 Re7 31. Kg2 Rae8 32. Bd2 Nd8 33. Kf3 Rh7 34. Rh1
Ree7 35. Ng4 Qf5 36. Qxf5 gxf5 37. Nh6+ 1-0

[Event "23. Copenhagen Open  (Politiken Cup)"]
[Site "Copenhagen"]
[Date "2001.07.25"]
[Round "9"]
[White "Windekilde, Flemming"]
[Black "Laursen, Niels Norskov"]
[Result "0-1"]
[WhiteElo "1744"]
[BlackElo "2107"]
[PlyCount "56"]
[EventDate "2001.07.16"]
[EventType "swiss"]
[EventRounds "11"]
[EventCountry "DEN"]
[SourceDate "2004.01.01"]

1. e4 g6 2. d4 Bg7 3. Nc3 c6 4. f4 d5 5. e5 h5 6. Nf3 Nh6 7. Be3 Bf5 8. Nh4 Bg4
9. Qd2 Nf5 10. Nxf5 Bxf5 11. h3 h4 12. Bd3 Bxd3 13. Qxd3 e6 14. O-O-O Bf8 15.
Rdg1 Be7 16. g4 hxg3 17. Rxg3 Bh4 18. Rxg6 fxg6 19. Qxg6+ Kd7 20. f5 Qe8 21.
fxe6+ Kc8 22. Qg4 Be7 23. Rg1 Na6 24. Qg7 Nc7 25. Qf7 Qxf7 26. exf7 Kd7 27. Ne2
Ne6 28. Rg3 Raf8 0-1

[Event "23. Copenhagen Open  (Politiken Cup)"]
[Site "Copenhagen"]
[Date "2001.07.25"]
[Round "9"]
[White "Zachariassen, John"]
[Black "Jorgensen, Orla Eilegaard"]
[Result "1-0"]
[WhiteElo "1864"]
[BlackElo "1403"]
[PlyCount "111"]
[EventDate "2001.07.16"]
[EventType "swiss"]
[EventRounds "11"]
[EventCountry "DEN"]
[SourceDate "2004.01.01"]

1. e4 b6 2. d4 Bb7 3. Nc3 e6 4. a3 Nf6 5. Bd3 h6 6. Nge2 c5 7. dxc5 bxc5 8. Ng3
Be7 9. O-O O-O 10. Re1 d6 11. f4 Nbd7 12. Qe2 Re8 13. Bd2 a6 14. Rf1 Rb8 15.
Rae1 e5 16. Nd1 Qb6 17. c4 a5 18. f5 Bc6 19. Bc1 Qd8 20. Rf3 Nh7 21. Nf1 Bg5
22. Nfe3 Ndf6 23. Nf2 Nh5 24. g3 Rf8 25. Rd1 Be7 26. Nh3 N5f6 27. Ng2 Ng4 28.
Rff1 Nhf6 29. Nf2 Nxf2 30. Rxf2 Kh8 31. g4 Nh7 32. Bc2 Bg5 33. Ne3 Nf6 34. Qf3
g6 35. Nd5 Bxd5 36. Bxg5 hxg5 37. exd5 Rxb2 38. Rdf1 Rb8 39. fxg6 fxg6 40. Bxg6
Kg7 41. Bf5 Qe7 42. Qe3 Ng8 43. Be6 Rxf2 44. Rxf2 Rf8 45. Rf5 Rxf5 46. gxf5 Nh6
47. Qb3 Qf8 48. Qb7+ Kh8 49. Qb2 Nxf5 50. Qf2 Kg7 51. Qxf5 Qxf5 52. Bxf5 Kf6
53. Bg4 e4 54. Kf2 Ke5 55. Ke3 Kf6 56. Kxe4 1-0

[Event "23. Copenhagen Open  (Politiken Cup)"]
[Site "Copenhagen"]
[Date "2001.07.25"]
[Round "9"]
[White "van Dijk, Thomas"]
[Black "Skovgaard, Tom"]
[Result "1/2-1/2"]
[WhiteElo "1999"]
[BlackElo "2065"]
[PlyCount "119"]
[EventDate "2001.07.16"]
[EventType "swiss"]
[EventRounds "11"]
[EventCountry "DEN"]
[SourceDate "2004.01.01"]

1. d4 Nf6 2. c4 e6 3. Nc3 Bb4 4. f3 d5 5. a3 Bxc3+ 6. bxc3 c5 7. cxd5 Nxd5 8.
dxc5 Qa5 9. e4 Nf6 10. Be3 Qxc3+ 11. Kf2 Nc6 12. Ne2 Qe5 13. Qc1 O-O 14. Bf4
Qh5 15. Ng3 Qg6 16. Bd6 Re8 17. e5 Nd7 18. Qc3 f6 19. Bd3 Qh6 20. exf6 Nxf6 21.
Rhe1 Nd5 22. Qc4 Bd7 23. Ne4 b6 24. Qa6 Nd4 25. Qc4 Nc6 26. Rac1 Rad8 27. Ng3
Na5 28. Qc2 Rc8 29. Ba6 Rcd8 30. Qe2 Nb3 31. Rc4 Nxc5 32. Bxc5 bxc5 33. Rxc5
Nf4 34. Qe4 Rb8 35. Rc2 Rf8 36. Kg1 Qf6 37. Ne2 Nxe2+ 38. Rcxe2 Rb6 39. Bd3 g6
40. Bc4 Rb2 41. Rxb2 Qxb2 42. Bxe6+ Bxe6 43. Qxe6+ Rf7 44. Re3 Qd2 45. h4 Qc1+
46. Kh2 Qc5 47. Qe8+ Rf8 48. Qe5 Rf5 49. Qxc5 Rxc5 50. Kg3 Ra5 51. Kf2 Kf7 52.
g4 h5 53. Kg3 hxg4 54. fxg4 Ra4 55. Rf3+ Kg7 56. g5 Kg8 57. Rc3 Kf7 58. Rc7+
Kg8 59. Rc3 Kf7 60. Rc7+ 1/2-1/2

[Event "23. Copenhagen Open  (Politiken Cup)"]
[Site "Copenhagen"]
[Date "2001.07.25"]
[Round "10"]
[White "Adamski, Jan"]
[Black "Thompson, Ian D"]
[Result "1/2-1/2"]
[WhiteElo "2361"]
[BlackElo "2240"]
[PlyCount "108"]
[EventDate "2001.07.16"]
[EventType "swiss"]
[EventRounds "11"]
[EventCountry "DEN"]
[SourceDate "2004.01.01"]

1. Nf3 Nf6 2. c4 c5 3. g3 b6 4. Bg2 Bb7 5. O-O e6 6. Nc3 Be7 7. d4 cxd4 8. Qxd4
d6 9. Bg5 a6 10. Bxf6 Bxf6 11. Qd3 Ra7 12. Rad1 Be7 13. Nd4 Bxg2 14. Kxg2 O-O
15. f4 g6 16. g4 Qc8 17. f5 Nd7 18. fxe6 Ne5 19. exf7+ Rxf7 20. Qe4 Qxg4+ 21.
Qxg4 Nxg4 22. Nd5 Bg5 23. Ne6 Ne3+ 24. Nxe3 Bxe3 25. Rxd6 Rxf1 26. Kxf1 Rf7+
27. Ke1 Re7 28. c5 bxc5 29. Rxa6 c4 30. Rc6 Ra7 31. a3 Bc1 32. Rxc4 Bxb2 33. a4
Be5 34. h3 Kf7 35. Nc5 Bd6 36. Ne4 Ke6 37. Kd2 Be5 38. Nc5+ Kf5 39. Nd3 Bd6 40.
e4+ Ke6 41. Ke3 g5 42. e5 Be7 43. Ke4 h5 44. h4 gxh4 45. Nf4+ Kf7 46. Kf5 Ra5
47. Rc7 Ke8 48. Rb7 h3 49. Nxh3 Rxa4 50. Nf4 Ra5 51. Nxh5 Ra6 52. Nf4 Bd6 53.
Nd5 Bxe5 54. Kxe5 Ra1 1/2-1/2

[Event "23. Copenhagen Open  (Politiken Cup)"]
[Site "Copenhagen"]
[Date "2001.07.25"]
[Round "10"]
[White "Aird, Ian"]
[Black "Christensen, Verner"]
[Result "1-0"]
[WhiteElo "2136"]
[BlackElo "1797"]
[PlyCount "69"]
[EventDate "2001.07.16"]
[EventType "swiss"]
[EventRounds "11"]
[EventCountry "DEN"]
[SourceDate "2004.01.01"]

1. d4 d5 2. Nf3 Nf6 3. g3 g6 4. Bg2 Bg7 5. O-O O-O 6. Nbd2 Na6 7. Nb3 c6 8. Bf4
Bf5 9. Nh4 Bg4 10. f3 Bd7 11. Qd2 Re8 12. e4 Rc8 13. e5 Nh5 14. Be3 Bh8 15. f4
Ng7 16. Nf3 Rc7 17. h3 Qc8 18. Kh2 Nf5 19. Bf2 h5 20. Rg1 Nh6 21. c3 Bg7 22.
Rae1 f5 23. Ng5 e6 24. Bf3 Bf8 25. g4 hxg4 26. hxg4 c5 27. gxf5 Nxf5 28. Bg4
cxd4 29. Nxd4 Nxd4 30. Bxd4 Nc5 31. Qe3 Ne4 32. Bf3 Qd8 33. Bxe4 dxe4 34. Rg4
Bc6 35. Qh3 1-0

[Event "23. Copenhagen Open  (Politiken Cup)"]
[Site "Copenhagen"]
[Date "2001.07.25"]
[Round "10"]
[White "Andersen, Matias Lolk"]
[Black "McShane, Rod"]
[Result "1/2-1/2"]
[WhiteElo "1146"]
[BlackElo "1400"]
[PlyCount "90"]
[EventDate "2001.07.16"]
[EventType "swiss"]
[EventRounds "11"]
[EventCountry "DEN"]
[SourceDate "2004.01.01"]

1. e4 c5 2. Nf3 d6 3. d4 cxd4 4. Nxd4 Nf6 5. Bd3 a6 6. Nc3 e5 7. Nde2 Nc6 8.
O-O Be7 9. h3 O-O 10. Kh1 Nb4 11. a3 Nxd3 12. cxd3 h6 13. f4 exf4 14. Bxf4 b5
15. Ng3 d5 16. d4 dxe4 17. Ngxe4 Nxe4 18. Nxe4 Bb7 19. Nc3 Qd7 20. Qd2 Rad8 21.
Rad1 Qxh3+ 22. Kg1 Qc8 23. g3 Rxd4 24. Qe2 Rxd1 25. Rxd1 Bc5+ 26. Kh2 Re8 27.
Qh5 Qe6 28. Qxc5 g5 29. Bd2 Qg6 30. g4 Bf3 31. Rf1 Bxg4 32. Kg1 Rc8 33. Qd5 Be6
34. Qf3 Bc4 35. Re1 Rd8 36. Be3 Rd3 37. Rd1 Rxd1+ 38. Qxd1 Qe6 39. Qd8+ Kh7 40.
Bd4 Qg4+ 41. Kf2 Qf4+ 42. Ke1 Qg3+ 43. Kd2 Qd3+ 44. Ke1 Qf1+ 45. Kd2 Qd3+
1/2-1/2

[Event "23. Copenhagen Open  (Politiken Cup)"]
[Site "Copenhagen"]
[Date "2001.07.25"]
[Round "10"]
[White "Auchenberg, Einar"]
[Black "Li, Mike"]
[Result "0-1"]
[WhiteElo "1614"]
[BlackElo "1056"]
[PlyCount "84"]
[EventDate "2001.07.16"]
[EventType "swiss"]
[EventRounds "11"]
[EventCountry "DEN"]
[SourceDate "2004.01.01"]

1. d4 e6 2. Nc3 b6 3. e4 Bb4 4. Nf3 Ne7 5. Bd3 O-O 6. Bg5 Bb7 7. a3 Bxc3+ 8.
bxc3 f6 9. Bd2 f5 10. e5 Qe8 11. c4 d6 12. Qe2 Ng6 13. h4 dxe5 14. dxe5 h6 15.
h5 Ne7 16. Nd4 Nec6 17. c3 Nd7 18. Nxc6 Bxc6 19. f3 Nc5 20. Bc2 Rd8 21. Rd1 Qe7
22. g3 Rd7 23. Rh4 Rfd8 24. Rf4 Qg5 25. Qh2 Nd3+ 26. Bxd3 Rxd3 27. Rd4 R8xd4
28. cxd4 Qd8 29. d5 exd5 30. Qe2 dxc4 31. e6 Qe8 32. e7 Bd7 33. Bb4 a5 34. Rxd3
cxd3 35. Qe5 axb4 36. axb4 Kf7 37. Kd2 Qxe7 38. Qxe7+ Kxe7 39. Kxd3 Kd6 40. Kd4
Be8 41. g4 fxg4 42. fxg4 Bd7 0-1

[Event "23. Copenhagen Open  (Politiken Cup)"]
[Site "Copenhagen"]
[Date "2001.07.25"]
[Round "10"]
[White "Bering, Anders"]
[Black "Larsen, Karsten"]
[Result "0-1"]
[WhiteElo "2106"]
[BlackElo "2300"]
[PlyCount "76"]
[EventDate "2001.07.16"]
[EventType "swiss"]
[EventRounds "11"]
[EventCountry "DEN"]
[SourceDate "2004.01.01"]

1. e4 g6 2. d4 c6 3. Nc3 d5 4. Nf3 Bg7 5. h3 Nf6 6. e5 Ne4 7. Bd3 Nxc3 8. bxc3
c5 9. O-O c4 10. Be2 Qa5 11. Qd2 Qa4 12. Nh4 h5 13. f4 Bf5 14. Nxf5 gxf5 15. g4
hxg4 16. hxg4 Qd7 17. Qe3 Nc6 18. Qg3 e6 19. gxf5 exf5 20. Kf2 O-O-O 21. Rg1
Rh7 22. Ba3 Rdh8 23. Bf3 Nd8 24. Bd6 Qa4 25. Rac1 Qa5 26. Bb4 Qb5 27. Qg5 Qd7
28. Bd6 Bh6 29. Qe7 Bxf4 30. Rb1 Rh2+ 31. Rg2 Rxg2+ 32. Bxg2 Rh2 33. Kg1 Qxe7
34. Bxe7 Ne6 35. Bxd5 Rxc2 36. Rxb7 Be3+ 37. Kf1 Nf4 38. Bc6 Rc1# 0-1

[Event "23. Copenhagen Open  (Politiken Cup)"]
[Site "Copenhagen"]
[Date "2001.07.25"]
[Round "10"]
[White "Brinck Claussen, Bjorn"]
[Black "Nielsen, Borge Hjerrild"]
[Result "1-0"]
[WhiteElo "2355"]
[BlackElo "2122"]
[PlyCount "51"]
[EventDate "2001.07.16"]
[EventType "swiss"]
[EventRounds "11"]
[EventCountry "DEN"]
[SourceDate "2004.01.01"]

1. e4 c6 2. d4 d5 3. exd5 cxd5 4. c4 Nf6 5. Nc3 e6 6. Nf3 Be7 7. cxd5 Nxd5 8.
Bd3 O-O 9. O-O Nc6 10. Re1 Nf6 11. a3 b6 12. Bb1 Bb7 13. Qd3 g6 14. Ba2 Qd7 15.
Bh6 Rfe8 16. Rad1 Rad8 17. Qe2 Nd5 18. Ne4 Qc8 19. Bg5 Ba6 20. Qd2 Kg7 21. Rc1
Qd7 22. Ne5 Nxe5 23. dxe5 Bxg5 24. Qxg5 Qe7 25. Qg3 Rc8 26. Nd6 1-0

[Event "23. Copenhagen Open  (Politiken Cup)"]
[Site "Copenhagen"]
[Date "2001.07.25"]
[Round "10"]
[White "Brynell, Stellan"]
[Black "Aaberg, Anton"]
[Result "1-0"]
[WhiteElo "2486"]
[BlackElo "2373"]
[PlyCount "82"]
[EventDate "2001.07.16"]
[EventType "swiss"]
[EventRounds "11"]
[EventCountry "DEN"]
[SourceDate "2004.01.01"]

1. e4 g6 2. d4 Bg7 3. Nf3 d6 4. Be2 Nd7 5. O-O e5 6. Nc3 Ne7 7. dxe5 dxe5 8. b3
c6 9. Nd2 O-O 10. Nc4 Nb6 11. Qxd8 Rxd8 12. Nxb6 axb6 13. Na4 b5 14. Nb6 Rb8
15. c4 bxc4 16. Bxc4 Kf8 17. Ba3 Ke8 18. Rad1 Rxd1 19. Rxd1 Bg4 20. f3 Nc8 21.
Bc5 Nxb6 22. Bxb6 Be6 23. Bxe6 fxe6 24. a4 Rc8 25. Kf1 Bf8 26. Ke2 Be7 27. Ba5
Bf6 28. Bc3 Ke7 29. Kd3 Rd8+ 30. Kc2 Rxd1 31. Kxd1 Kd6 32. f4 Kc5 33. Kc2 Bg7
34. Kd3 Bf8 35. Bxe5 Kb4 36. Kc2 Ka3 37. g4 Kb4 38. Bc7 c5 39. e5 Bh6 40. g5
Bg7 41. Bd6 b5 1-0

[Event "23. Copenhagen Open  (Politiken Cup)"]
[Site "Copenhagen"]
[Date "2001.07.25"]
[Round "10"]
[White "Brondum, Eric"]
[Black "Marder, Simon"]
[Result "1-0"]
[WhiteElo "2224"]
[BlackElo "2058"]
[PlyCount "75"]
[EventDate "2001.07.16"]
[EventType "swiss"]
[EventRounds "11"]
[EventCountry "DEN"]
[SourceDate "2004.01.01"]

1. d4 Nc6 2. d5 Ne5 3. e4 e6 4. dxe6 fxe6 5. f4 Nf7 6. Bd3 Bc5 7. Qe2 Ngh6 8.
Nc3 a6 9. Nf3 d6 10. h3 Qe7 11. Bd2 b5 12. g4 Bb7 13. g5 Ng8 14. O-O-O Qd7 15.
Be3 Bxe3+ 16. Qxe3 Ne7 17. Rhg1 O-O-O 18. h4 Kb8 19. Bf1 Rhe8 20. Bh3 g6 21.
Nd4 Nc8 22. Nb3 Nb6 23. Nc5 Qc6 24. Nxe6 Nc4 25. Nxd8 Nxd8 26. Qd4 Rf8 27. Nd5
Qe8 28. Nf6 Nc6 29. Qf2 Rxf6 30. gxf6 Nb4 31. a3 Na2+ 32. Kb1 Nc3+ 33. bxc3
Nxa3+ 34. Kc1 Bxe4 35. Rge1 d5 36. Rxd5 Qc6 37. Rd8+ Kb7 38. Bc8+ 1-0

[Event "23. Copenhagen Open  (Politiken Cup)"]
[Site "Copenhagen"]
[Date "2001.07.25"]
[Round "10"]
[White "Christensen, Christian"]
[Black "Andersen, Rune"]
[Result "1-0"]
[WhiteElo "1972"]
[BlackElo "2064"]
[PlyCount "55"]
[EventDate "2001.07.16"]
[EventType "swiss"]
[EventRounds "11"]
[EventCountry "DEN"]
[SourceDate "2004.01.01"]

1. e4 c5 2. Nc3 Nc6 3. g3 d6 4. Bg2 g6 5. d3 Bg7 6. f4 f5 7. Nf3 Nf6 8. O-O O-O
9. h3 e5 10. Be3 Nh5 11. Ne2 exf4 12. gxf4 Bxb2 13. Rb1 Bg7 14. Kh2 Qe7 15. Qd2
Be6 16. c4 Rae8 17. Ng5 Bc8 18. Rbe1 h6 19. Nf3 fxe4 20. dxe4 Kh7 21. Nc3 Qf7
22. Nb5 Rd8 23. Nxd6 Qe6 24. e5 Nxe5 25. fxe5 Bxe5+ 26. Nxe5 Qxe5+ 27. Bf4 Nxf4
28. Rxe5 1-0

[Event "23. Copenhagen Open  (Politiken Cup)"]
[Site "Copenhagen"]
[Date "2001.07.25"]
[Round "10"]
[White "Christensen, Esben"]
[Black "Sylvan, Jacob"]
[Result "1/2-1/2"]
[WhiteElo "2115"]
[BlackElo "2272"]
[PlyCount "26"]
[EventDate "2001.07.16"]
[EventType "swiss"]
[EventRounds "11"]
[EventCountry "DEN"]
[SourceDate "2004.01.01"]

1. e4 c5 2. Nf3 d6 3. d4 cxd4 4. Nxd4 Nf6 5. Nc3 g6 6. Be2 Bg7 7. O-O O-O 8.
Kh1 Nc6 9. Nb3 a6 10. f4 Be6 11. f5 Bd7 12. g4 gxf5 13. exf5 Ne5 1/2-1/2

[Event "23. Copenhagen Open  (Politiken Cup)"]
[Site "Copenhagen"]
[Date "2001.07.25"]
[Round "10"]
[White "Christensen, Stefan"]
[Black "Skjoldan, Benjamin"]
[Result "1-0"]
[WhiteElo "2164"]
[BlackElo "1720"]
[PlyCount "59"]
[EventDate "2001.07.16"]
[EventType "swiss"]
[EventRounds "11"]
[EventCountry "DEN"]
[SourceDate "2004.01.01"]

1. e4 c5 2. Nf3 Nc6 3. d4 cxd4 4. Nxd4 Nf6 5. Nc3 e5 6. Ndb5 d6 7. Bg5 a6 8.
Na3 b5 9. Bxf6 gxf6 10. Nd5 f5 11. Bd3 Be6 12. O-O Bg7 13. Qh5 f4 14. c4 bxc4
15. Bxc4 O-O 16. Rac1 Nd4 17. Nc2 Nxc2 18. Rxc2 Rc8 19. Rfc1 f5 20. exf5 Rxc4
21. fxe6 Rxc2 22. Rxc2 Qa5 23. h3 Qxa2 24. Ne7+ Kh8 25. Ng6+ Kg8 26. Nxf8 Qb1+
27. Kh2 Qxc2 28. Qf7+ Kh8 29. e7 Qxf2 30. Ng6+ 1-0

[Event "23. Copenhagen Open  (Politiken Cup)"]
[Site "Copenhagen"]
[Date "2001.07.25"]
[Round "10"]
[White "Edvardsson, Hannu Kalervo"]
[Black "Lie, Terje"]
[Result "1/2-1/2"]
[WhiteElo "1300"]
[BlackElo "1100"]
[PlyCount "120"]
[EventDate "2001.07.16"]
[EventType "swiss"]
[EventRounds "11"]
[EventCountry "DEN"]
[SourceDate "2004.01.01"]

1. e4 e6 2. c4 d5 3. d3 dxe4 4. dxe4 Qxd1+ 5. Kxd1 Bc5 6. f3 Nf6 7. Nc3 O-O 8.
Kc2 a5 9. a4 Bb4 10. Bf4 Na6 11. Nge2 Rd8 12. Rd1 Rxd1 13. Nxd1 Bd7 14. b3 Rd8
15. Ndc3 h6 16. g4 g5 17. Be3 Nc5 18. Bg2 Bc6 19. Rd1 Rxd1 20. Nxd1 Nxa4 21.
Bd2 Nc5 22. Bxb4 axb4 23. Nb2 e5 24. Nd3 Nxd3 25. Kxd3 Bd7 26. Ng3 b5 27. Nf5
Kf8 28. Nxh6 c5 29. Bf1 Be6 30. Nf5 Ne8 31. Ne3 Nd6 32. Kc2 bxc4 33. Bxc4 Nxc4
34. bxc4 Ke8 35. Kb3 Kd7 36. Ng2 Kc6 37. Ne3 Kb6 38. Nc2 Ka5 39. Ne3 f6 40. Nc2
Bd7 41. Ne3 Ba4+ 42. Kb2 Bd7 43. Kb3 Be8 44. h3 Bd7 45. Nd5 Ba4+ 46. Kb2 Bd1
47. Nxf6 Ka4 48. Nd7 b3 49. Nxc5+ Kb4 50. Nd7 Bxf3 51. Nxe5 Bxe4 52. Nf7 Bc2
53. Nxg5 Kxc4 54. h4 Kb4 55. h5 Kc4 56. h6 Kd4 57. h7 Bxh7 58. Nxh7 Ke5 59.
Kxb3 Kf4 60. Nf6 Kg5 1/2-1/2

[Event "23. Copenhagen Open  (Politiken Cup)"]
[Site "Copenhagen"]
[Date "2001.07.25"]
[Round "10"]
[White "Fant, Goran"]
[Black "Hoeg, Claus"]
[Result "0-1"]
[WhiteElo "2043"]
[BlackElo "1785"]
[PlyCount "82"]
[EventDate "2001.07.16"]
[EventType "swiss"]
[EventRounds "11"]
[EventCountry "DEN"]
[SourceDate "2004.01.01"]

1. Nf3 g6 2. c4 Bg7 3. Nc3 d6 4. d4 Nf6 5. e4 O-O 6. Be2 e5 7. d5 Nh5 8. Bg5 f6
9. Be3 Na6 10. Nd2 Nf4 11. Bf1 Nb4 12. Qb1 f5 13. f3 Qg5 14. Bxf4 exf4 15. a3
Qh4+ 16. Ke2 Na6 17. Qc1 Bd4 18. Nd1 Re8 19. Qc2 Nc5 20. Nc3 Bd7 21. b4 Nxe4
22. fxe4 fxe4 23. Kd1 Bf5 24. Kc1 e3 25. Nf3 Bxc2 26. Nxh4 Bxc3 27. Be2 Bxa1
28. Kxc2 Bf6 29. Nf3 a5 30. b5 g5 31. Ne1 Re7 32. Bg4 Re4 33. Kb3 a4+ 34. Kb4
Rd4 35. Be6+ Kg7 36. Bf5 Rd2 37. Nc2 Rxg2 38. c5 dxc5+ 39. Kxc5 Be5 40. Be4
Bd6+ 41. Kc4 Rf2 0-1

[Event "23. Copenhagen Open  (Politiken Cup)"]
[Site "Copenhagen"]
[Date "2001.07.25"]
[Round "10"]
[White "Furu, Thormod"]
[Black "Roder, Peter"]
[Result "1/2-1/2"]
[WhiteElo "1775"]
[BlackElo "2174"]
[PlyCount "73"]
[EventDate "2001.07.16"]
[EventType "swiss"]
[EventRounds "11"]
[EventCountry "DEN"]
[SourceDate "2004.01.01"]

1. e4 c5 2. Nc3 Nc6 3. g3 g6 4. Bg2 Bg7 5. d3 e6 6. f4 Nge7 7. Nf3 Nd4 8. O-O
Nec6 9. Ne2 b5 10. g4 b4 11. f5 Bb7 12. Nexd4 Nxd4 13. c3 Nc6 14. Qe1 bxc3 15.
bxc3 Qa5 16. e5 gxf5 17. gxf5 exf5 18. Bg5 Nd8 19. Bf6 Bxf6 20. exf6+ Ne6 21.
Rb1 Bc6 22. Qe5 Qc7 23. Qxc7 Nxc7 24. Rfe1+ Ne6 25. Re5 O-O-O 26. Rxf5 Rhg8 27.
Kf2 Rg4 28. h3 Rf4 29. Rxf4 Nxf4 30. Bf1 Bxf3 31. Kxf3 Nd5 32. Rb5 d6 33. Ra5
Kb7 34. d4 Nxc3 35. dxc5 dxc5 36. Rxc5 Nd5 37. Bc4 1/2-1/2

[Event "23. Copenhagen Open  (Politiken Cup)"]
[Site "Copenhagen"]
[Date "2001.07.25"]
[Round "10"]
[White "Gorecki, Zbigniew"]
[Black "Auchenberg, Per"]
[Result "0-1"]
[WhiteElo "2000"]
[BlackElo "1842"]
[PlyCount "84"]
[EventDate "2001.07.16"]
[EventType "swiss"]
[EventRounds "11"]
[EventCountry "DEN"]
[SourceDate "2004.01.01"]

1. d4 Nf6 2. c4 e6 3. Nc3 Bb4 4. Qc2 Nc6 5. Nf3 d6 6. a3 Bxc3+ 7. Qxc3 a5 8. b3
O-O 9. e3 Re8 10. Bb2 e5 11. d5 Nb8 12. Nd2 c6 13. e4 Nbd7 14. Bd3 Nc5 15. Bc2
Nh5 16. O-O Nf4 17. Rae1 Qg5 18. Qg3 Nh3+ 19. gxh3 Qxd2 20. Rc1 Qh6 21. h4 cxd5
22. exd5 f5 23. f4 e4 24. Kh1 Bd7 25. Rg1 Re7 26. Qc3 Be8 27. Rg5 Bh5 28. h3
Bf3+ 29. Kh2 b6 30. Rcg1 Raa7 31. Qe1 Nd3 32. Bxd3 exd3 33. Rxg7+ Kf8 34. Rg8+
Kf7 35. R1g7+ Qxg7 36. Rxg7+ Ke8 37. Rxe7+ Rxe7 38. Be5 dxe5 39. fxe5 Rg7 40.
Qe3 Rg2+ 41. Kh1 Be4 42. Qxb6 Rg6+ 0-1